Nehru to Modi: profiles of Indian prime ministers (Record no. 176297)

MARC details
000 -LEADER
fixed length control field 00650nam a22001817a 4500
005 - DATE AND TIME OF LATEST TRANSACTION
control field 20201210153836.0
010 ## - LCCN (DPL NO)
LC control number ENG-128656
020 ## - INTERNATIONAL STANDARD BOOK NUMBER
Terms of availability 795.00
International Standard Book Number 81-8324-4944-2
035 ## - SYSTEM CONTROL NUMBER
System control number EN-112188
037 ## - SOURCE OF ACQUISITION
Source of stock number/acquisition DBAD/PUB
082 ## - DEWEY DECIMAL CLASSIFICATION NUMBER
Classification number 954.0099
245 ## - TITLE STATEMENT
Title Nehru to Modi: profiles of Indian prime ministers
Remainder of title Edited by Pradeep Kumar Sexena
260 ## - PUBLICATION, DISTRIBUTION, ETC. (IMPRINT)
Place of publication, distribution, etc New Delhi
Name of publisher, distributor, etc Mittal Publications
Date of publication, distribution, etc 2019
270 ## - ADDRESS
City New Delhi
Address 4594/9, Daryaganj
Postal code 110002
Telephone number 23250398
Fax number 91-11-25351493
Electronic mail address info@mittalbooks.com
300 ## - PHYSICAL DESCRIPTION
Extent xvi+414p.
Dimensions 22cm(pbk)
Other physical details Including tables and index.
700 ## - ADDED ENTRY--PERSONAL NAME
Personal name Sexena, Pradeep, Kumar, Ed.
942 ## - ADDED ENTRY ELEMENTS (KOHA)
Source of classification or shelving scheme Dewey Decimal Classification
Item type English Books
Classification part 954.0099
Call number suffix SEX
Holdings
Withdrawn status Lost status Not for loan Collection code Home library Current library Date acquired Source of acquisition Cost, normal purchase price Full call number Barcode Copy number Cost, replacement price Koha item type
      Non-fiction Ashok Vihar Ashok Vihar 10/12/2020 DBAD/PUB 795.00 954.0099 SEX EN-112188 1 795.00 English Books

© Delhi Public Library
Hit Counter
free hit counter